000 00532nam a2200229 a 4500
001 nice12345678
003 IN_TiNIC
005 20260116012753.0
008 080909s1963 dhea grp 000 0 eng
020 _a
_c50
082 0 0 _a239
_bRAJ
100 _aRaj, M Hem
245 _aGreater Baptism
260 _aDhera Dun
_bChandana Printing Works
_c1963
300 _a161p
500 _aincludes index and biblioraphy
650 _aApologetics
700 1 _aRaj, M Hem
902 _bSRS
942 _cBK
999 _c8307
_d8307